| 000 | 01024nam a2200301 i 4500 | ||
|---|---|---|---|
| 003 | EG-GICUC | ||
| 005 | 20260420110202.0 | ||
| 008 | 260420s1995 ua fr|||| 00| 0 ara d | ||
| 040 |
_aEG-GiCUC _cEG-GiCUC _dEG-GiCUC _eRda _bara |
||
| 041 | _aara | ||
| 082 | 0 | 4 |
_221 _a343.6 _bع ب . ع |
| 092 | 0 | 4 | _221 |
| 099 | _aLaw1 10 343.6 ع ب . ع 1995 | ||
| 100 | 1 |
_aصدقي، عبد الرحيم، _eمؤلف. |
|
| 245 | 1 | 0 |
_aعلم الإجرام / _c. دكتور عبد الرحيم صدقي |
| 264 | 1 |
_a [القاهرة] _bمكتبة تى أجيا: _c1995. |
|
| 300 |
_a162page ; _c 24 cm. |
||
| 336 |
_2rda contenu _a texte |
||
| 337 |
_2rda medias _aOrdinateur |
||
| 338 |
_2 transporteur rda _a Ressource en ligne |
||
| 546 | _aالنص باللغة العربية | ||
| 650 | 1 |
_2qrmak _aالقانون الجنائي |
|
| 650 | 1 | _aعلم الإجرام | |
| 651 | 1 | _2qrmak | |
| 856 | 4 | 0 | _uhttps://fll.law.cu.edu.eg/fulltext/bks/B10-09123.pdf |
| 905 | _a167 | ||
| 942 |
_2ddc _cBK _e21 _n0 |
||
| 999 |
_c72080 _d72080 |
||